Les sports les plus pratiqués au monde - Statistiques

Statistiques générales
  • Ce quiz a été pris 301 fois
  • Le résultat moyen est 7 sur 10
Statistiques - réponses
Nombre de
participants
Réponses % Correct
3,5 milliards Football
100%
800 millions Basket-ball
93%
1milliards Tennis
84%
475 millions Rugby
80%
500 millions Base-ball
62%
900 millions Volley-ball
59%
400 millions Golf
56%
850 millions Tennis de table
56%
2 milliards Hockey
42%
2,5 milliards Criquet
23%
Aucun quiz correspondant
Distribution des résultats
% des personnes avec chaque résultat
Percentile par nombre de réponses
Votre historique - résultats
Vous n’avez pas pris ce quiz